Language Quiz

Random Language or Spanish Quiz

Spanish Nutrition Quiz Stats

Quiz not verified by Sporcle

Challenge
Share
Tweet
Embed
Score 0/16 Timer 10:00
0 Plays Today
English Spanish % Correct
in excessen exceso
81.8%
decaffeinateddescafeinado
63.6%
caffeinela cafeina
54.5%
mineralel mineral
54.5%
nutritionla nutricion
54.5%
vitaminla vitamina
54.5%
proteinla proteina
54.5%
to lose weightadelgazar
45.5%
English Spanish % Correct
caloriela caloria
45.5%
cholesterolel colesterol
45.5%
to gain weightengordar
45.5%
fatla grasa
45.5%
to consume alcoholconsumir alcohol
36.4%
to be on a dietestar a dieta
36.4%
to eat a balanced dietcomer una dieta equilibrada
18.2%
snackla merienda
18.2%

You're not logged in!

Compare scores with friends on all Sporcle quizzes.
Sign Up with Email
OR
Log In

You Might Also Like...

Show Comments

Extras

Top Quizzes Today


Score Distribution

Your Account Isn't Verified!

In order to create a playlist on Sporcle, you need to verify the email address you used during registration. Go to your Sporcle Settings to finish the process.

Report this User

Report this user for behavior that violates our Community Guidelines.

Details: